| 000 | 04803nam a22005655i 4500 | ||
|---|---|---|---|
| 001 | 978-3-319-59749-2 | ||
| 003 | DE-He213 | ||
| 005 | 20210118121048.0 | ||
| 007 | cr nn 008mamaa | ||
| 008 | 170727s2017 gw | s |||| 0|eng d | ||
| 020 |
_a9783319597492 _9978-3-319-59749-2 |
||
| 024 | 7 |
_a10.1007/978-3-319-59749-2 _2doi |
|
| 050 | 4 | _aRC321-580 | |
| 072 | 7 |
_aPSAN _2bicssc |
|
| 072 | 7 |
_aMED057000 _2bisacsh |
|
| 072 | 7 |
_aPSAN _2thema |
|
| 082 | 0 | 4 |
_a612.8 _223 |
| 245 | 1 | 0 |
_aDevelopment of the Cerebellum from Molecular Aspects to Diseases _h[electronic resource] / _cedited by Hassan Marzban. |
| 250 | _a1st ed. 2017. | ||
| 264 | 1 |
_aCham : _bSpringer International Publishing : _bImprint: Springer, _c2017. |
|
| 300 |
_aIX, 505 p. 97 illus., 70 illus. in color. _bonline resource. |
||
| 336 |
_atext _btxt _2rdacontent |
||
| 337 |
_acomputer _bc _2rdamedia |
||
| 338 |
_aonline resource _bcr _2rdacarrier |
||
| 347 |
_atext file _bPDF _2rda |
||
| 490 | 1 | _aContemporary Clinical Neuroscience | |
| 505 | 0 | _aChapter1. The development of the cerebellum: from the beginnings -- Part I: Responsibilities and liabilities -- Chapter2. The embryology and anatomy of the cerebellum -- Chapter 3. Cellular and genetic programs underlying cerebellum development -- Chapter 4. Early Purkinje Cell Development and the Origins of Cerebellar Patterning. Chapter5. Cerebellar developmental disorders and cerebellar nuclei -- Chapter6. Motor circuit abnormalities during cerebellar development -- Chapter7. Developmental disorders of the cerebellum and neurotrophic factors -- Chapter8. Apoptosis, Autophagy, and Unfolded Protein Response and Cerebellar Development -- Chapter9. The ubiquitin proteasome system and cerebellar developmental disease -- Chapter10. Epigenetics and Cerebellar Neurodevelopmental Disorders -- Chapter11. Hormonal regulation of cerebellar development and its disorders -- Chapter12. Infections of the Cerebellum -- Chapter13. Neuroimmune mechanisms of cerebellar development and its developmental disorders -- Chapter14. Teratogenic influences on cerebellar development -- Chapter15. Primary pediatric brain tumors of the posterior fossa -- Chapter16. Primary pediatric brain tumors of the posterior fossa -- Chapter17. Can cerebellar neurodevelopmental disorders affect behavioral disorders or vice versa -- Chapter18. Neurodevelopmental disorders of the cerebellum: autism spectrum disorder -- Chapter19. Congenital cerebellar disease -- Chapter20. Clinical features, assessment, and management of patients with developmental and other cerebellar disorders -- Chapter21. Epidemiology of cerebellar disorders -- Chapter22. Cerebellar transplantation: a potential model to study repair and development of neurons and circuits in the cerebellum. | |
| 520 | _aThe authors present the most current and cutting-edge knowledge regarding the molecular basis of cerebellar development, focusing on information relevant to laboratory scientists and clinicians providing service to patients with cerebellar disorders. Knowledge obtained from advanced neuroimaging techniques that are used during development, and from molecular- and genetic-based studies has provided rapidly-growing evidence that the cerebellum is a brain region that is highly impacted by developmental defects. Cerebellar defects result in significant intellectual and motor function impairment that affects both the patients and their families. | ||
| 650 | 0 | _aNeurosciences. | |
| 650 | 0 | _aNeurology . | |
| 650 | 1 | 4 |
_aNeurosciences. _0http://scigraph.springernature.com/things/product-market-codes/B18006 |
| 650 | 2 | 4 |
_aNeurology. _0http://scigraph.springernature.com/things/product-market-codes/H36001 |
| 700 | 1 |
_aMarzban, Hassan. _eeditor. _4edt _4http://id.loc.gov/vocabulary/relators/edt |
|
| 710 | 2 | _aSpringerLink (Online service) | |
| 773 | 0 | _tSpringer eBooks | |
| 776 | 0 | 8 |
_iPrinted edition: _z9783319597485 |
| 776 | 0 | 8 |
_iPrinted edition: _z9783319597508 |
| 776 | 0 | 8 |
_iPrinted edition: _z9783319866932 |
| 830 | 0 | _aContemporary Clinical Neuroscience | |
| 856 | 4 | 0 | _uhttps://doi.org/10.1007/978-3-319-59749-2 |
| 912 | _aZDB-2-SBL | ||
| 999 |
_c444947 _d444947 |
||
| 942 | _cEB | ||
| 506 | _aAvailable to subscribing member institutions only. Доступно лише організаціям членам підписки. | ||
| 506 | _fOnline access from local network of NaUOA. | ||
| 506 | _fOnline access with authorization at https://link.springer.com/ | ||
| 506 | _fОнлайн-доступ з локальної мережі НаУОА. | ||
| 506 | _fОнлайн доступ з авторизацією на https://link.springer.com/ | ||